Técnicas administrativas básicas (Registro nro. 13564)

Detalles MARC
000 -Cabecera
Campo de control de longitud fija 01001nam a22003617a 4500
005 - Fecha y hora de la última transacción
Campo de control 20260427154359.0
008 - Elementos de longitud fija--Información general
Campo de control de longitud fija 230510b2019 |||||||| |||| 00| 0 spa d
020 ## - International Standard Book Number
Número Internacional Estándar del Libro (ISBN) 9788491712909
041 ## - Idioma
Código de idioma Español
082 ## - Clasificación Decimal Dewey
Número de clasificación 651.3 C112t
100 ## - Entrada principal--Autor personal
Nombre personal Caballero Fiel, Óscar
245 ## - Título propiamente dicho
Título Técnicas administrativas básicas
260 ## - Pie de imprenta
Lugar de publicación, distribución, etc. España
260 ## - Pie de imprenta
Nombre del editor, distribuidor, etc. Síntesis
260 ## - Pie de imprenta
Fecha de publicación, distribución, etc. 2019
300 ## - Descripción física
Extensión 196 páginas
490 ## - Serie
Título de la Serie Dirección y Administración de Empresas
490 ## - Serie
Título de la Serie Secretariado Ejecutivo
650 ## - Materia general
Temática (materia general) MANEJO DE OFICINA
650 ## - Materia general
Temática (materia general) ORGANIZACIÓN EMPRESARIAL
650 ## - Materia general
Temática (materia general) ÁREAS FUNCIONALS DE LA EMPRESA
650 ## - Materia general
Temática (materia general) COMUNICACIÓN INTERNA
650 ## - Materia general
Temática (materia general) COMUNICACIÓN EXTERNA
650 ## - Materia general
Temática (materia general) MATERIAL DE OFICINA
650 ## - Materia general
Temática (materia general) GESTIÓN DE ALMACÉN
650 ## - Materia general
Temática (materia general) OPERACIONES BÁSICAS DE TESORERÍA
650 ## - Materia general
Temática (materia general) INVENTARIO
650 ## - Materia general
Temática (materia general) MEDIOS DE PAGO
650 ## - Materia general
Temática (materia general) LIBROS AUXILIARES
650 ## - Materia general
Temática (materia general) CONCILIACIÓN BANCARIA
942 ## - Punto de acceso adicional KOHA
Tipo de ítem KOHA Libro
Fuente del sistema de clasificación o colocación Dewey Decimal Classification
Existencias
Signatura completa Código de barras Programa Académico Tipo de ítem
651.3 C112t 25672   Libro